[Event "51st Canadian Open 2014"]
[Site "Montreal CAN"]
[Date "2014.07.19"]
[Round "1.1"]
[White "Sapozhnikov, Roman"]
[Black "Tiviakov, Sergei"]
[Result "0-1"]
[WhiteTitle "FM"]
[BlackTitle "GM"]
[WhiteElo "2299"]
[BlackElo "2656"]
[WhiteFideId "2601842"]
[BlackFideId "1008013"]
[EventDate "2014.07.19"]

1. e4 d5 2. exd5 Qxd5 3. Nc3 Qd6 4. d4 Nf6 5. Nf3 c6 6. Ne5 Be6 7. Bf4 Qd8 8.
Be2 g6 9. O-O Bg7 10. Qd2 O-O 11. Rad1 Nbd7 12. Bf3 Nb6 13. b3 Rc8 14. Bg3 Re8
15. Rfe1 Nbd7 16. Na4 Bd5 17. c4 Bxf3 18. Nxf3 b5 19. Nb2 Qb6 20. Nd3 bxc4 21.
bxc4 Qa6 22. Qc2 c5 23. d5 Nb6 24. Nd2 Nfd7 25. Re4 Qa4 26. Qb3 Qa5 27. Bf4 Nf6
28. Re2 Nfxd5 29. cxd5 c4 30. Nxc4 Nxc4 0-1

[Event "51st Canadian Open 2014"]
[Site "Montreal CAN"]
[Date "2014.07.19"]
[Round "1.3"]
[White "Plotkin, Victor"]
[Black "Van Kampen, Robin"]
[Result "1/2-1/2"]
[WhiteTitle "FM"]
[BlackTitle "GM"]
[WhiteElo "2275"]
[BlackElo "2636"]
[WhiteFideId "2606674"]
[BlackFideId "1020854"]
[EventDate "2014.07.19"]

1. e4 c5 2. c3 Nf6 3. e5 Nd5 4. d4 cxd4 5. Nf3 d6 6. cxd4 Nc6 7. Bc4 dxe5 8.
Nxe5 e6 9. O-O Bd6 10. Qh5 O-O 11. Nxc6 bxc6 12. Nc3 g6 13. Qh6 Nxc3 14. bxc3
Qa5 15. Bg5 Re8 16. Bf6 Bf8 17. Qe3 Ba6 18. Bxa6 Qxa6 19. Be5 Rad8 20. Rab1 Rd5
21. Rb2 Bg7 22. Bxg7 Kxg7 23. Rfb1 Red8 24. h3 Qc4 25. Rb3 R8d7 26. Qe1 h5 27.
Qf1 Qa4 28. Qe2 c5 29. dxc5 Rxc5 30. Rb7 a5 31. Rxd7 Qxd7 32. c4 Qd4 33. Rc1 h4
34. Qc2 Kh7 35. Qc3 Qf4 36. Rc2 Qe4 37. Rc1 Rg5 38. g3 hxg3 39. fxg3 Rc5 40. a4
Kg8 41. Rd1 e5 42. Rc1 Qc6 43. Qb3 Kg7 44. Kh2 Qe4 45. Rc2 Qd4 46. Kg2 Rc6 47.
Qc3 Qe4+ 48. Kh2 Rf6 49. Qd2 Rc6 50. Qc3 Rc5 51. Kg1 f6 52. Kh2 g5 53. Qb3 Kg6
54. Rf2 Qd4 55. Rc2 Qe4 56. Rf2 Rxc4 57. Qb6 Qc6 58. Qd8 Qe6 59. Rxf6+ Qxf6 60.
Qg8+ Kh6 61. Qxc4 Qd6 62. h4 gxh4 63. Qxh4+ 1/2-1/2

[Event "51st Canadian Open 2014"]
[Site "Montreal CAN"]
[Date "2014.07.19"]
[Round "1.5"]
[White "Kleinplatz, Sam"]
[Black "Moradiabadi, Elshan"]
[Result "0-1"]
[WhiteTitle "FM"]
[BlackTitle "GM"]
[WhiteElo "2257"]
[BlackElo "2593"]
[WhiteFideId "616680"]
[BlackFideId "12501255"]
[EventDate "2014.07.19"]

1. c4 e6 2. Nf3 d5 3. d4 Nf6 4. g3 dxc4 5. Qc2 c5 6. Na3 cxd4 7. Nxc4 Nc6 8. Bg2
Bb4+ 9. Bd2 Bxd2+ 10. Qxd2 O-O 11. O-O Re8 12. b4 Ne4 13. Qb2 Nc3 14. b5 Ne7 15.
Rac1 Nf5 16. e3 Na4 17. Qb4 Nc3 18. Qb2 a6 19. b6 Na4 20. Qb4 Nc3 21. Qb2 Na4
22. Qb4 Nc3 23. Qb2 Bd7 24. Nxd4 Na4 25. Qa1 Nxd4 26. Qxd4 Bb5 27. Nd6 Bxf1 28.
Kxf1 Re7 29. Bxb7 Rb8 30. Qxa4 Qxd6 31. Bxa6 Qxb6 32. Bd3 g6 33. Qf4 Rd8 34. Bc4
Qb2 35. e4 Rd2 36. Re1 Red7 37. Kg2 Qd4 38. Bb3 Kg7 39. Rc1 Qb2 40. Rf1 Re2 41.
Bc4 Rc2 42. e5 Qb7+ 43. Kg1 Qc7 44. Bb3 Re2 45. Ba4 Rd5 46. Bb3 Rdxe5 0-1

[Event "51st Canadian Open 2014"]
[Site "Montreal CAN"]
[Date "2014.07.19"]
[Round "1.7"]
[White "Foisor, Sabina-Francesca"]
[Black "Sambuev, Bator"]
[Result "1/2-1/2"]
[WhiteTitle "WGM"]
[BlackTitle "GM"]
[WhiteElo "2234"]
[BlackElo "2526"]
[WhiteFideId "1212915"]
[BlackFideId "4128290"]
[EventDate "2014.07.19"]

1. d4 Nf6 2. c4 e6 3. Nc3 Bb4 4. Qc2 c5 5. dxc5 O-O 6. Nf3 Na6 7. g3 Nxc5 8. Bg2
b6 9. Bd2 Ba6 10. a3 Bxc3 11. Bxc3 d5 12. cxd5 Nxd5 13. Bd4 Rc8 14. O-O Bb5 15.
b3 Qe7 16. Qb2 f6 17. Rfc1 Rfd8 18. Bxc5 bxc5 19. e4 Nb6 20. a4 Bd3 21. a5 Nd7
22. e5 f5 23. Nd2 Nb8 24. Nc4 Bxc4 25. bxc4 Rd4 26. Rab1 Qc7 27. Qb7 Nd7 28. Qa6
Nf8 29. Rb7 Qxe5 30. Qxa7 Rcd8 31. Rbb1 Rd2 32. a6 Rxf2 33. Kxf2 Rd2+ 34. Kg1
Rxg2+ 35. Kxg2 1/2-1/2

[Event "51st Canadian Open 2014"]
[Site "Montreal CAN"]
[Date "2014.07.19"]
[Round "1.8"]
[White "De Firmian, Nick E"]
[Black "Rodriguez, Adrien"]
[Result "1/2-1/2"]
[WhiteTitle "GM"]
[WhiteElo "2509"]
[BlackElo "2203"]
[WhiteFideId "2000105"]
[BlackFideId "20691866"]
[EventDate "2014.07.19"]

1. e4 c5 2. Nf3 d6 3. d4 cxd4 4. Nxd4 Nf6 5. Nc3 a6 6. a4 g6 7. Be2 Bg7 8. O-O
O-O 9. Be3 Nc6 10. f4 Bd7 11. Nb3 Be6 12. Kh1 Rc8 13. f5 Bxb3 14. cxb3 Qa5 15.
g4 Qe5 16. Bf4 Qd4 17. Qb1 Ne5 18. g5 Nfg4 19. Bxg4 Nxg4 20. Qe1 gxf5 21. Rd1
Qb4 22. exf5 Bxc3 23. bxc3 Qxc3 24. Qe2 Qc6+ 25. Qg2 Qxg2+ 26. Kxg2 Rc3 27. Rf3
Rfc8 28. Kg3 Ne5 29. Bxe5 dxe5 30. f6 exf6 31. gxf6 h5 32. Rxc3 Rxc3+ 33. Kh4
Rxb3 34. Kxh5 Rh3+ 35. Kg5 Rxh2 36. Rd8+ Kh7 37. Rd7 Rg2+ 38. Kh5 Rh2+ 39. Kg5
Rg2+ 40. Kh5 Rh2+ 1/2-1/2

[Event "51st Canadian Open 2014"]
[Site "Montreal CAN"]
[Date "2014.07.19"]
[Round "1.9"]
[White "Masse, Hugues"]
[Black "Gerzhoy, Leonid"]
[Result "0-1"]
[BlackTitle "IM"]
[WhiteElo "2202"]
[BlackElo "2481"]
[WhiteFideId "2604264"]
[BlackFideId "2806126"]
[EventDate "2014.07.19"]

1. d4 Nf6 2. c4 g6 3. g3 Bg7 4. Bg2 O-O 5. Nc3 c5 6. d5 d6 7. Nf3 e6 8. O-O exd5
9. cxd5 a6 10. a4 Re8 11. Bf4 Nh5 12. Bg5 Qc7 13. Re1 Nd7 14. a5 Rb8 15. Qc1 b5
16. axb6 Rxb6 17. Ra2 Ne5 18. Nxe5 Bxe5 19. Bd2 Bg7 20. Nd1 Qb7 21. Bc3 Bxc3 22.
Nxc3 Rb4 23. e4 Bd7 24. Bf1 a5 25. e5 Rxe5 26. Rxe5 dxe5 27. Rxa5 Rxb2 28. Rxc5
Nf6 29. h3 Qb4 30. Qe3 Qd4 31. Rc4 Qxe3 32. fxe3 Ne8 33. Ne4 Rb1 34. Nc3 Rc1 35.
Ne4 Rxf1+ 36. Kxf1 Bb5 0-1

[Event "51st Canadian Open 2014"]
[Site "Montreal CAN"]
[Date "2014.07.19"]
[Round "1.10"]
[White "Vera Gonzalez-Quevedo, Reynaldo"]
[Black "Taborsky, Rostislav"]
[Result "0-1"]
[WhiteTitle "GM"]
[BlackTitle "FM"]
[WhiteElo "2468"]
[BlackElo "2193"]
[WhiteFideId "3500055"]
[BlackFideId "307491"]
[EventDate "2014.07.19"]

1. d4 Nf6 2. Nf3 e6 3. g3 c5 4. Bg2 cxd4 5. Nxd4 d5 6. O-O e5 7. Nb3 Nc6 8. Bg5
Be6 9. Nc3 d4 10. Ne4 Be7 11. Bxf6 Bxf6 12. f4 O-O 13. Nbc5 exf4 14. Nxf6+ Qxf6
15. Nxb7 Rac8 16. Nd6 Rcd8 17. Ne4 Qe7 18. Rxf4 Bd5 19. Nf2 Bxg2 20. Kxg2 Rfe8
21. Nd3 Qxe2+ 22. Qxe2 Rxe2+ 23. Rf2 Ree8 24. Re1 Rxe1 25. Nxe1 f6 26. Nd3 Re8
27. Rd2 Kf7 28. Kf2 Ne5 29. h3 Rb8 30. Nxe5+ fxe5 31. c3 Ke6 32. cxd4 exd4 33.
Rc2 Kd5 34. Ke2 Rb7 35. Rc8 Rxb2+ 36. Kd3 Rxa2 37. Rd8+ Ke5 38. Re8+ Kd5 39.
Rd8+ Ke5 40. Re8+ Kf6 41. Kxd4 Ra3 42. Rf8+ Kg6 43. g4 Rxh3 44. Ke4 Kg5 45. Rf7
g6 0-1

[Event "51st Canadian Open 2014"]
[Site "Montreal CAN"]
[Date "2014.07.19"]
[Round "1.12"]
[White "Sevian, Samuel"]
[Black "Cao, Jason"]
[Result "1-0"]
[WhiteTitle "IM"]
[BlackTitle "FM"]
[WhiteElo "2464"]
[BlackElo "2177"]
[WhiteFideId "2040506"]
[BlackFideId "2611112"]
[EventDate "2014.07.19"]

1. e4 c5 2. Nf3 d6 3. Bb5+ Nd7 4. c3 Nf6 5. Qe2 a6 6. Ba4 e5 7. O-O Be7 8. d4
cxd4 9. cxd4 b5 10. Bc2 Bb7 11. a3 O-O 12. Nc3 Re8 13. d5 Rc8 14. Bd2 Nb6 15. b3
Nfd7 16. Rac1 f5 17. exf5 Nxd5 18. Ne4 h6 19. b4 N5f6 20. Bb3+ d5 21. Rxc8 Qxc8
22. Rc1 Qa8 23. Ng3 Bd6 24. Nh4 Nb6 25. Nh5 Qd8 26. Rc3 e4 27. Rh3 Nc4 28. Bxc4
bxc4 29. Ng6 Bc8 30. Bc3 Bxf5 31. Nxf6+ gxf6 32. Rxh6 d4 33. Qh5 Qc8 34. Rh8+
Kf7 35. Ne5+ Ke7 36. Qf7+ 1-0

[Event "51st Canadian Open 2014"]
[Site "Montreal CAN"]
[Date "2014.07.19"]
[Round "1.13"]
[White "Zhang, Yuanchen"]
[Black "Xiong, Jeffery"]
[Result "0-1"]
[WhiteTitle "FM"]
[BlackTitle "IM"]
[WhiteElo "2170"]
[BlackElo "2441"]
[WhiteFideId "2611902"]
[BlackFideId "2047640"]
[EventDate "2014.07.19"]

1. d4 Nf6 2. c4 e6 3. Nc3 Bb4 4. e3 b6 5. Ne2 Ba6 6. a3 Be7 7. Nf4 d5 8. cxd5
Bxf1 9. Kxf1 exd5 10. g4 g5 11. Nh5 Nxh5 12. gxh5 c6 13. Qf3 Na6 14. e4 Nc7 15.
Rg1 h6 16. Bd2 dxe4 17. Qxe4 Qd7 18. Re1 Kf8 19. f4 Re8 20. Qd3 Ne6 21. fxg5
hxg5 22. d5 cxd5 23. Qf5 Rxh5 24. Nxd5 Qb5+ 25. Kg2 Rd8 26. Re5 Rxd5 27. Rf1
Rxd2+ 0-1

[Event "51st Canadian Open 2014"]
[Site "Montreal CAN"]
[Date "2014.07.19"]
[Round "1.15"]
[White "Tang, Edward"]
[Black "Fedorowicz, John P"]
[Result "0-1"]
[BlackTitle "GM"]
[WhiteElo "2161"]
[BlackElo "2422"]
[WhiteFideId "2610892"]
[BlackFideId "2000083"]
[EventDate "2014.07.19"]

1. d4 Nf6 2. c4 c5 3. d5 b5 4. cxb5 a6 5. b6 d6 6. Nc3 Nbd7 7. a4 Qxb6 8. a5 Qb4
9. Ra4 Qb7 10. e4 g6 11. f4 Bg7 12. Nf3 O-O 13. Bc4 Ne8 14. O-O Nc7 15. Qe2 Rb8
16. e5 Nb5 17. e6 Nf6 18. f5 fxe6 19. fxg6 Nd4 20. gxh7+ Kh8 21. Nxd4 cxd4 22.
Ne4 exd5 23. Nxf6 dxc4 24. Nh5 Bf5 25. Nxg7 Bd3 26. Rxf8+ Rxf8 0-1

[Event "51st Canadian Open 2014"]
[Site "Montreal CAN"]
[Date "2014.07.19"]
[Round "1.16"]
[White "Cheng, Bindi"]
[Black "Villavieja, Butch"]
[Result "1-0"]
[WhiteTitle "IM"]
[WhiteElo "2410"]
[BlackElo "2158"]
[WhiteFideId "2682249"]
[BlackFideId "5204461"]
[EventDate "2014.07.19"]

1. d4 Nf6 2. c4 g6 3. Nc3 Bg7 4. e4 d6 5. f3 c5 6. d5 O-O 7. Bg5 h6 8. Be3 e5 9.
Qd2 Nh5 10. O-O-O Kh7 11. g4 Nf4 12. Nge2 Nd7 13. h4 a6 14. h5 g5 15. Ng3 Nf6
16. Kc2 Re8 17. Ra1 Rb8 18. Be2 Bd7 19. Rhb1 b5 20. b4 cxb4 21. Rxb4 a5 22. Rxb5
Bxb5 23. Nxb5 Bf8 24. Nf5 Qd7 25. Bf1 Rec8 26. a4 Ra8 27. Kd1 Ne8 28. Bb6 Ra6
29. Be3 f6 30. c5 dxc5 31. Bc4 Ng7 32. Nxg7 Kxg7 33. Ke1 Rd8 34. Rd1 Qc8 35. Qc2
Kh8 36. Kf1 Qb8 37. Rb1 Rb6 38. Qc3 Ra6 39. Na3 Rb6 40. Nb5 Ra6 41. Na3 Rb6 42.
Bb5 Rb7 43. Nc4 Qc7 44. Nxa5 Rb6 45. Nc6 Ra8 46. Bxc5 Bxc5 47. Qxc5 Rb7 48. Rd1
Qf7 49. Qd6 Rd7 50. Nxe5 fxe5 51. Bxd7 Ng6 52. Bf5 Ne7 53. Qxh6+ 1-0

[Event "51st Canadian Open 2014"]
[Site "Montreal CAN"]
[Date "2014.07.19"]
[Round "1.17"]
[White "Ramachandran, Karthik N"]
[Black "Perez Rodriguez, Luis Manuel"]
[Result "0-1"]
[BlackTitle "GM"]
[WhiteElo "2153"]
[BlackElo "2387"]
[WhiteFideId "2005115"]
[BlackFideId "3503364"]
[EventDate "2014.07.19"]

1. d4 d5 2. c4 c6 3. cxd5 cxd5 4. Nc3 Nc6 5. Bf4 e5 6. dxe5 d4 7. Ne4 Qa5+ 8.
Nd2 Nge7 9. g3 h6 10. h4 Ng6 11. Nf3 Ncxe5 12. Nxe5 Nxe5 13. Bxe5 Qxe5 14. Bg2
d3 15. Qa4+ Bd7 16. Qe4 Qxe4 17. Bxe4 dxe2 18. Kxe2 O-O-O 19. Rac1+ Kb8 20. Rhd1
Bb4 21. Nc4 Rhe8 22. Kf3 Bg4+ 0-1

[Event "51st Canadian Open 2014"]
[Site "Montreal CAN"]
[Date "2014.07.19"]
[Round "1.19"]
[White "Tomb, Maroun"]
[Black "Perez Garcia, Rodney Oscar"]
[Result "0-1"]
[BlackTitle "IM"]
[WhiteElo "2147"]
[BlackElo "2357"]
[WhiteFideId "5300398"]
[BlackFideId "3500918"]
[EventDate "2014.07.19"]

1. c4 c6 2. Nf3 d5 3. b3 Bg4 4. e3 Nf6 5. Bb2 Nbd7 6. cxd5 cxd5 7. Be2 e6 8. O-O
Bd6 9. Nd4 Bxe2 10. Qxe2 O-O 11. d3 Rc8 12. Nd2 Qb6 13. f4 Qa6 14. N2f3 Ba3 15.
Rfd1 Rc5 16. h3 Rfc8 17. Bxa3 Qxa3 18. Qd2 a6 19. Ne1 e5 20. fxe5 Nxe5 21. Ne2
h6 22. Rac1 Rxc1 23. Rxc1 Rxc1 24. Nxc1 Nc6 25. Nf3 Ne8 26. Ne2 Nc7 27. Nfd4 Ne6
28. Nxc6 bxc6 29. d4 a5 30. Nc3 Qb4 31. Qd3 Ng5 32. Kf1 Qd6 33. Qf5 g6 34. Qg4
Qa3 35. Qc8+ Kg7 36. Ke2 Qc1 37. Kd3 Qf1+ 38. Kc2 Qxg2+ 39. Kb1 0-1

[Event "51st Canadian Open 2014"]
[Site "Montreal CAN"]
[Date "2014.07.19"]
[Round "1.21"]
[White "Zhou, Qiyu"]
[Black "Pina Vega, Sulennis"]
[Result "1/2-1/2"]
[WhiteTitle "WCM"]
[BlackTitle "WGM"]
[WhiteElo "2029"]
[BlackElo "2317"]
[WhiteFideId "505161"]
[BlackFideId "3503151"]
[EventDate "2014.07.19"]

1. e4 c5 2. Nf3 Nc6 3. d4 cxd4 4. Nxd4 e6 5. c4 Nf6 6. Nc3 Bb4 7. Nxc6 bxc6 8.
Bd3 e5 9. O-O d6 10. Qa4 Bxc3 11. bxc3 Bd7 12. c5 dxc5 13. Ba3 O-O 14. Bxc5 Re8
15. Rfd1 a5 16. Rab1 Qc8 17. f3 Nh5 18. Bb6 Nf4 19. Bf1 Re6 20. g3 Rg6 21. Qa3
Ne6 22. Qe7 Nf8 23. Qxe5 h6 24. Bg2 c5 25. Qxc5 Rc6 26. Qe5 f6 27. Qe7 Rxc3 28.
e5 fxe5 29. Qxe5 Rc2 30. Bd4 Ne6 31. f4 Bc6 32. Bd5 Bxd5 33. Qxd5 Kh8 34. Be5
Qa6 35. Qb5 Qxb5 36. Rxb5 Rxa2 37. Rd6 Rc8 38. Rb1 Rcc2 39. Ra6 Rg2+ 40. Kf1
Rgf2+ 41. Kg1 Rg2+ 42. Kf1 Rgf2+ 43. Kg1 Rg2+ 1/2-1/2

[Event "51st Canadian Open 2014"]
[Site "Montreal CAN"]
[Date "2014.07.20"]
[Round "2.1"]
[White "Tiviakov, Sergei"]
[Black "Panjwani, Raja"]
[Result "1-0"]
[WhiteTitle "GM"]
[BlackTitle "IM"]
[WhiteElo "2656"]
[BlackElo "2432"]
[WhiteFideId "1008013"]
[BlackFideId "2604493"]
[EventDate "2014.07.19"]

1. e4 e6 2. d4 d5 3. Nd2 c5 4. exd5 exd5 5. Ngf3 Nc6 6. Bb5 Bd6 7. O-O cxd4 8.
Nb3 Ne7 9. Nbxd4 O-O 10. h3 Nxd4 11. Nxd4 Bc7 12. Re1 Qd6 13. Nf3 Ng6 14. Bd3 f6
15. c4 Ne5 16. cxd5 Nxd3 17. Qxd3 Rd8 18. Qc4 Bb6 19. Be3 Qxd5 20. Qxd5+ Rxd5
21. Bxb6 axb6 22. Re8+ Kf7 23. Rae1 Rd1 24. Rh8 Rxe1+ 25. Nxe1 b5 26. Nc2 b6 27.
Nd4 Ra4 28. Nxb5 Bd7 29. Nc3 Rd4 30. Rb8 Rd6 31. h4 f5 32. Kf1 Kg6 33. Ke2 Kh5
34. g3 Kg4 35. Rf8 g6 36. a4 Be6 37. Ke1 Bd7 38. Rf7 h5 39. Re7 Bc6 40. Re5 Bf3
41. Ne2 Bd5 42. Re3 Bf3 43. Re5 Bd5 44. Nd4 f4 45. Rg5+ Kh3 46. Ne2 Bf3 47. Rxg6
Rd7 48. Ng1+ Kg2 49. gxf4+ Bg4 50. f3 1-0

[Event "51st Canadian Open 2014"]
[Site "Montreal CAN"]
[Date "2014.07.20"]
[Round "2.4"]
[White "Moradiabadi, Elshan"]
[Black "Cheng, Bindi"]
[Result "1-0"]
[WhiteTitle "GM"]
[BlackTitle "IM"]
[WhiteElo "2593"]
[BlackElo "2410"]
[WhiteFideId "12501255"]
[BlackFideId "2682249"]
[EventDate "2014.07.19"]

1. Nf3 Nf6 2. c4 g6 3. Nc3 d5 4. cxd5 Nxd5 5. Qb3 Nb6 6. d4 Bg7 7. Bg5 O-O 8.
Rd1 a5 9. e3 a4 10. Qa3 Re8 11. Be2 c6 12. O-O Qd6 13. b4 axb3 14. Qxb3 N8d7 15.
a4 Qc7 16. Rb1 e5 17. Nxe5 Nxe5 18. Qxb6 Qxb6 19. Rxb6 Nd7 20. Rb3 Ra5 21. Bh4
Nf6 22. Bf3 g5 23. Bg3 g4 24. Bd1 Ne4 25. Nxe4 Rxe4 26. Rb1 Re8 27. Bc7 Ra7 28.
a5 Bf5 29. Rb3 Be6 30. Rb2 Bf8 31. Be2 Rc8 32. Bb6 Raa8 33. Rd1 f5 34. g3 Bd5
35. Bd3 Be6 36. Rbb1 Bd6 37. e4 fxe4 38. Bxe4 Re8 39. d5 cxd5 40. Bxd5 Bxd5 41.
Rxd5 Re6 42. Bd4 Rb8 43. a6 1-0

[Event "51st Canadian Open 2014"]
[Site "Montreal CAN"]
[Date "2014.07.20"]
[Round "2.5"]
[White "Perez Garcia, Rodney Oscar"]
[Black "Ghaem Maghami, Ehsan"]
[Result "0-1"]
[WhiteTitle "IM"]
[BlackTitle "GM"]
[WhiteElo "2357"]
[BlackElo "2586"]
[WhiteFideId "3500918"]
[BlackFideId "12500739"]
[EventDate "2014.07.19"]

1. e4 c5 2. Nf3 e6 3. c3 Nf6 4. e5 Nd5 5. d4 cxd4 6. Qxd4 Nc6 7. Qe4 d6 8. Nbd2
dxe5 9. Nxe5 Nxe5 10. Qxe5 Bd7 11. Be2 Bc6 12. Nf3 Be7 13. Nd4 O-O 14. Nxc6 bxc6
15. O-O Qb6 16. Bd3 Rfd8 17. Qe2 Bf6 18. Qc2 g6 19. Bh6 Rab8 20. Rab1 Rd7 21.
Rfd1 Bg7 22. Bxg7 Kxg7 23. Qe2 Rbd8 24. g3 h5 25. Be4 Nf6 26. Rxd7 Rxd7 27. Bf3
Qc5 28. Rd1 Rxd1+ 29. Qxd1 e5 30. Qa4 Nd5 31. a3 Ne7 32. h4 f5 33. Qb4 Qxb4 34.
axb4 Kf6 35. Be2 e4 36. f4 exf3 37. Bxf3 f4 38. Kg2 Nf5 39. Bxc6 fxg3 40. Kh3 g5
41. hxg5+ Kxg5 42. c4 Nd4 43. Bb7 h4 44. c5 Ne6 45. Kg2 Nf4+ 46. Kf3 g2 47. Kf2
h3 48. Bf3 Nd3+ 49. Kg1 Kf4 0-1

[Event "51st Canadian Open 2014"]
[Site "Montreal CAN"]
[Date "2014.07.20"]
[Round "2.7"]
[White "Taborsky, Rostislav"]
[Black "Sevian, Samuel"]
[Result "1-0"]
[WhiteTitle "FM"]
[BlackTitle "IM"]
[WhiteElo "2193"]
[BlackElo "2464"]
[WhiteFideId "307491"]
[BlackFideId "2040506"]
[EventDate "2014.07.19"]

1. d4 Nf6 2. c4 c5 3. d5 e6 4. Nc3 exd5 5. cxd5 d6 6. Nf3 g6 7. g3 Bg7 8. Bg2
O-O 9. O-O a6 10. a4 Re8 11. Bf4 Nh5 12. Bg5 Qc7 13. Qd2 Nd7 14. Rfc1 b6 15. Bh6
Bh8 16. h3 Bb7 17. Rab1 Rac8 18. b3 Qb8 19. Ng5 Re7 20. Re1 c4 21. b4 Rce8 22.
Bf3 Nhf6 23. Rbc1 Qd8 24. Bg2 Ne5 25. Nge4 Nxe4 26. Nxe4 f5 27. Nc3 Nf7 28. Bf4
Qa8 29. Bf3 Bf6 30. h4 Ne5 31. Bg2 Qd8 32. Bg5 Bxg5 33. hxg5 Qc7 34. f4 Nf7 35.
e4 Bc8 36. Qd4 Bd7 37. Kf2 Rf8 38. exf5 Rxe1 39. Rxe1 Bxf5 40. Kg1 Qb8 41. g4
Bd3 42. Re6 a5 43. b5 Qc7 44. Qe3 Qc8 45. Bf3 Qc7 46. Kg2 Rc8 47. Re7 Qc5 48.
Qxc5 dxc5 49. Rb7 Re8 50. Kf2 h6 51. Rxb6 hxg5 52. fxg5 Nxg5 53. Bg2 Nf7 54. d6
Ne5 55. Kg3 Rd8 56. Nd5 Kg7 57. Kf4 Nd7 58. Rb7 Kf8 59. Bh3 g5+ 60. Kxg5 Ne5 61.
Kf6 Nxg4+ 62. Bxg4 Rxd6+ 63. Be6 Bg6 64. Rb8+ 1-0

[Event "51st Canadian Open 2014"]
[Site "Montreal CAN"]
[Date "2014.07.20"]
[Round "2.8"]
[White "Xiong, Jeffery"]
[Black "Poulin, Maurice"]
[Result "1-0"]
[WhiteTitle "IM"]
[WhiteElo "2441"]
[BlackElo "1989"]
[WhiteFideId "2047640"]
[BlackFideId "2603225"]
[EventDate "2014.07.19"]

1. e4 g6 2. d4 Bg7 3. Nf3 d6 4. h3 c6 5. Bd3 Na6 6. O-O Nc7 7. Re1 Nh6 8. Bf4 f6
9. c3 Nf7 10. a4 e5 11. Bg3 O-O 12. Nbd2 Re8 13. Qc2 d5 14. dxe5 fxe5 15. exd5
cxd5 16. c4 d4 17. b4 Bd7 18. Re2 Rc8 19. Bh4 g5 20. Bxh7+ Kf8 21. Bg3 Nd5 22.
Qb3 Nc3 23. Ree1 Rc6 24. Bd3 Rh6 25. Ne4 g4 26. hxg4 Bxg4 27. Nh2 Bf5 28. c5
Bxe4 29. Bxe4 Nxe4 30. Rxe4 Ng5 31. Bh4 Bf6 32. Bxg5 Bxg5 33. Ng4 Rhe6 34. Rd1
Kg7 35. Rd3 Qd7 36. Rg3 Qe7 37. Nh2 Rg6 38. Nf3 Bf4 39. Nxd4 Rd8 40. Nf5+ 1-0

[Event "51st Canadian Open 2014"]
[Site "Montreal CAN"]
[Date "2014.07.20"]
[Round "2.9"]
[White "Van Kampen, Robin"]
[Black "Foisor, Sabina-Francesca"]
[Result "1-0"]
[WhiteTitle "GM"]
[BlackTitle "WGM"]
[WhiteElo "2636"]
[BlackElo "2234"]
[WhiteFideId "1020854"]
[BlackFideId "1212915"]
[EventDate "2014.07.19"]

1. e4 e6 2. d4 d5 3. Nc3 Bb4 4. e5 c5 5. a3 Bxc3+ 6. bxc3 Qa5 7. Bd2 Qa4 8. h4
b6 9. h5 Ba6 10. Qg4 Kf8 11. h6 g6 12. Bxa6 Nxa6 13. Rc1 c4 14. Nf3 Ke7 15. Bg5+
Kd7 16. Qf4 Rf8 17. Kd2 Nc7 18. Rb1 Kc6 19. Bf6 Nxf6 20. exf6 Kb7 21. Rb4 Qxa3
22. Qd6 b5 23. Rhb1 Qa6 24. Qd7 Rc8 25. Rxb5+ Ka8 26. Ra5 Rhd8 27. Qa4 1-0

[Event "51st Canadian Open 2014"]
[Site "Montreal CAN"]
[Date "2014.07.20"]
[Round "2.10"]
[White "Sambuev, Bator"]
[Black "Plotkin, Victor"]
[Result "1-0"]
[WhiteTitle "GM"]
[BlackTitle "FM"]
[WhiteElo "2526"]
[BlackElo "2275"]
[WhiteFideId "4128290"]
[BlackFideId "2606674"]
[EventDate "2014.07.19"]

1. e4 e5 2. d4 exd4 3. Qxd4 Nc6 4. Qe3 Bb4+ 5. Bd2 Qe7 6. Nc3 Nf6 7. O-O-O O-O
8. Nd5 Nxd5 9. exd5 Qxe3 10. Bxe3 Ne5 11. a3 Be7 12. h3 d6 13. f4 Nd7 14. g4 Re8
15. Ne2 Nb6 16. Bf2 Bd7 17. Nc3 c6 18. dxc6 bxc6 19. Ne4 d5 20. Nc5 Bd6 21. f5
Bf4+ 22. Kb1 Be3 23. Bxe3 Rxe3 24. c4 Be8 25. cxd5 cxd5 26. Ba6 Bc6 27. Rd3 Rae8
28. Rc1 Re1 29. b3 Rxc1+ 30. Kxc1 Re1+ 31. Kd2 Rg1 32. a4 h5 33. Rd4 Rg3 34.
gxh5 Rxh3 35. a5 Na8 36. Rb4 Nc7 37. Rb8+ Kh7 38. Bd3 Ne8 39. Rc8 1-0

[Event "51st Canadian Open 2014"]
[Site "Montreal CAN"]
[Date "2014.07.20"]
[Round "2.11"]
[White "Humphreys, Michael"]
[Black "De Firmian, Nick E"]
[Result "1/2-1/2"]
[WhiteTitle "FM"]
[BlackTitle "GM"]
[WhiteElo "2129"]
[BlackElo "2509"]
[WhiteFideId "2607522"]
[BlackFideId "2000105"]
[EventDate "2014.07.19"]

1. Nf3 c5 2. c4 Nc6 3. Nc3 e5 4. g3 g6 5. Bg2 Bg7 6. a3 a5 7. d3 Nge7 8. Nd2 O-O
9. Nf1 Rb8 10. Ne3 Nd4 11. Ned5 Nxd5 12. Bxd5 d6 13. e3 Ne6 14. Bg2 Nc7 15. Qa4
b6 16. O-O Bd7 17. Bc6 Be6 18. Nb5 f5 19. Rb1 Nxb5 20. Qxb5 d5 21. cxd5 Bxd5 22.
Bxd5+ Qxd5 23. b4 axb4 24. axb4 Rfc8 25. e4 Qc6 26. Qxc6 Rxc6 27. bxc5 Rxc5 28.
Rb3 b5 29. Be3 Rc7 30. Rfb1 Rcb7 31. Bc5 Bf8 32. Bxf8 Kxf8 33. exf5 gxf5 34. Re1
Re8 35. Reb1 Reb8 36. Re1 Re7 37. Reb1 1/2-1/2

[Event "51st Canadian Open 2014"]
[Site "Montreal CAN"]
[Date "2014.07.20"]
[Round "2.12"]
[White "Ruiz Sanchez, Orlen"]
[Black "Zhou, Qiyu"]
[Result "1-0"]
[WhiteTitle "IM"]
[BlackTitle "WCM"]
[WhiteElo "2465"]
[BlackElo "2029"]
[WhiteFideId "3506231"]
[BlackFideId "505161"]
[EventDate "2014.07.19"]

1. e4 e5 2. Nf3 Nc6 3. Bb5 a6 4. Ba4 Nf6 5. O-O Be7 6. d3 b5 7. Bb3 O-O 8. Nc3
d6 9. a3 Na5 10. Ba2 c5 11. b4 Nc6 12. Nd5 Bg4 13. h3 Bh5 14. Be3 Nd7 15. Nxe5
dxe5 16. Qxh5 cxb4 17. axb4 Nxb4 18. Nxb4 Bxb4 19. f4 Bc3 20. Rad1 Nf6 21. Qf3
exf4 22. Bxf4 Qe7 23. d4 Rac8 24. e5 Nd7 25. Rd3 b4 26. Kh1 Nb6 27. Qg4 Kh8 28.
Rg3 f5 29. exf6 Rxf6 30. Rgf3 Bxd4 31. Bg5 Rxf3 32. Qxf3 Qc5 33. Qf7 h6 34. Be7
Qc7 35. Be6 Ra8 36. Bf5 Qc4 37. Be6 Qc7 38. h4 Be5 39. h5 Qb8 40. Bf8 Qe8 41.
Qg8# 1-0